00487nam a2200193Ia 4500003000400000005001700004008004100021040000700062041000800069082001900077100003700096245002600133260005400159300001000213365001300223440000600236650002900242650002200271OSt20230522152628.0210423s2002 xx 000 0 und d cAL aeng a323 223bIIHR aINDIAN INSTITUTE OF HUMAN RIGHTS 2aA B C of human rights aNew DelhibIndian Institute of Human Rightsc2002 a3,157 b250cINR v1 aCivil & Political Rights aPolitical Science